Jump, frog, jump! / (Record no. 231069)
[ view plain ]
| 000 -LEADER | |
|---|---|
| fixed length control field | 00971pam a2200313 a 4500 |
| 001 - CONTROL NUMBER | |
| control field | ocm07283947 |
| 005 - DATE AND TIME OF LATEST TRANSACTION | |
| control field | 20180308102951.0 |
| 008 - FIXED-LENGTH DATA ELEMENTS--GENERAL INFORMATION | |
| fixed length control field | 810220r19951981nyua j 000 1 eng |
| 010 ## - LIBRARY OF CONGRESS CONTROL NUMBER | |
| LC control number | 81001401 |
| 020 ## - INTERNATIONAL STANDARD BOOK NUMBER | |
| International Standard Book Number | 0688802710 : |
| Terms of availability | $8.95 |
| 020 ## - INTERNATIONAL STANDARD BOOK NUMBER | |
| International Standard Book Number | 0688842712 (lib. bdg.) : |
| Terms of availability | $7.63 |
| 020 ## - INTERNATIONAL STANDARD BOOK NUMBER | |
| International Standard Book Number | 0688148492 |
| 020 ## - INTERNATIONAL STANDARD BOOK NUMBER | |
| International Standard Book Number | 0688092411 (Mulberry pbk) |
| 020 ## - INTERNATIONAL STANDARD BOOK NUMBER | |
| International Standard Book Number | 0590400630 (paper) |
| 020 ## - INTERNATIONAL STANDARD BOOK NUMBER | |
| International Standard Book Number | 068813954X (hc) |
| 020 ## - INTERNATIONAL STANDARD BOOK NUMBER | |
| International Standard Book Number | 9780688139544 |
| 035 ## - SYSTEM CONTROL NUMBER | |
| System control number | 1368 |
| 035 ## - SYSTEM CONTROL NUMBER | |
| System control number | (OCoLC)7283947 |
| 040 ## - CATALOGING SOURCE | |
| Original cataloging agency | DLC |
| Transcribing agency | DLC |
| Modifying agency | DAD |
| -- | OCoLC |
| Description conventions | rda |
| 092 ## - LOCALLY ASSIGNED DEWEY CALL NUMBER (OCLC) | |
| Classification number | easy |
| 100 1# - MAIN ENTRY--PERSONAL NAME | |
| Personal name | Kalan, Robert. |
| 9 (RLIN) | 4478 |
| 245 10 - TITLE STATEMENT | |
| Title | Jump, frog, jump! / |
| Statement of responsibility, etc | by Robert Kalan ; pictures by Byron Barton. |
| 250 ## - EDITION STATEMENT | |
| Edition statement | 1st ed. |
| 260 ## - PUBLICATION, DISTRIBUTION, ETC. (IMPRINT) | |
| Place of publication, distribution, etc | New York : |
| Name of publisher, distributor, etc | Greenwillow Books, |
| Date of publication, distribution, etc | 1995, c1981. |
| 264 ## - Production, Publication, Distribution, Manufacture, and Copyright Notice. | |
| Place of production, publication, distribution, manufacture | New York : |
| Name of producer, publisher, distributor, manufacturer | Greenwillow Books, |
| Date of production, publication, distribution, manufacture, or copyr | 1995, c1981. |
| 336 ## - Content Type | |
| Content type term | book |
| 337 ## - Media type | |
| Media type term | book |
| 338 ## - Carrier type | |
| Carrier type term | book |
| 490 1# - SERIES STATEMENT | |
| Series statement | Mulberry paperback. |
| 520 ## - SUMMARY, ETC. | |
| Summary, etc | A cumulative tale in which a frog tries to catch a fly without getting caught itself. |
| 650 #0 - SUBJECT ADDED ENTRY--TOPICAL TERM | |
| Topical term or geographic name as entry element | Frogs |
| Form subdivision | Juvenile fiction. |
| 9 (RLIN) | 5683681 |
| 700 1# - ADDED ENTRY--PERSONAL NAME | |
| Personal name | Barton, Byron. |
| 9 (RLIN) | 11169 |
| 830 #0 - SERIES ADDED ENTRY--UNIFORM TITLE | |
| Uniform title | Mulberry paperback. |
| 9 (RLIN) | 5741982 |
| 907 ## - LOCAL DATA ELEMENT G, LDG (RLIN) | |
| a | .b347697690 |
| 942 ## - ADDED ENTRY ELEMENTS (KOHA) | |
| Source of classification or shelving scheme | Dewey Decimal Classification |
| Koha item type | BOOK |
| Withdrawn status | Lost status | Source of classification or shelving scheme | Damaged status | Not for loan | Collection code | Home library | Current library | Shelving location | Date acquired | Source of acquisition | Cost, normal purchase price | Total Checkouts | Total Renewals | Full call number | Barcode | Date last seen | Date checked out | Cost, replacement price | Price effective from | Koha item type |
|---|---|---|---|---|---|---|---|---|---|---|---|---|---|---|---|---|---|---|---|---|
| Dewey Decimal Classification | Children Picture Books | Wasatch County Library | Wasatch County Library | Main Floor Childrens Area | 05/13/2011 | Amazon | 16.99 | 31 | 4 | E Kal | 34301000989352 | 03/21/2025 | 03/14/2025 | 16.99 | 03/20/2020 | BOOK |
